Világbajnok kajakozó

Elmentve itt :
Bibliográfiai részletek
Dokumentumtípus: Cikk
Megjelent: 1985-12-24
Sorozat:Délmagyarország 75 No. 301
Kulcsszavak:Petrovics Kálmán, kajak-kenu
Online Access:http://dmarchiv.bibl.u-szeged.hu/98907
LEADER 00409nab a2200145 i 4500
001 delm98907
005 20190906083517.0
008 190906s1985 hu o 0|| hun d
040 |a SZTE Délmagyarország Archívum  |b hun 
041 |a hun 
245 0 0 |a Világbajnok kajakozó  |h [elektronikus dokumentum] 
260 |c 1985-12-24 
300 |a 14 
490 0 |a Délmagyarország  |v 75 No. 301 
695 |a Petrovics Kálmán, kajak-kenu